01932nam a2200277uu 4500001000800000005001700008007001000025008004100035035001200076040001300088041000800101082000800109100003400117245013000151260004500281300001100326500095400337650002501291650002801316650005101344650002801395650004601423650003301469700005001502500010201552152671120260508093301.0co|||||||190605s2018 spa  a1526711 ccomduadb aspa 4a30610aOcampo Cogua, Erika4auteaut13aEl Festival de Teatro Caña Brava como estrategia para el fortalecimiento de la identidad cultural del municipio de Sonsón aSonsón (Antioquia) :bAutor(a),c2018. aCD-ROM aRESUMEN : El presente proyecto de investigación ofrece algunas reflexiones en torno al diagnóstico del estado y organización del Festival de Teatro Caña Brava, haciendo así algunas propuestas hacia su mejoramiento, desde las herramientas que puede ofrecer la Gestión Cultural, para la construcción colectiva de un festival -con valor- para la comunidad, en la que se pueda reflejar el fortalecimiento de la identidad cultural hacia el mismo. De esta manera, este proyecto da muestra del trabajo realizado durante los semestres 2018 I y II para la recolección de información, con la que se pudo determinar la principal problemática y la cual se abordó por medio de diferentes estrategias de investigación con el propósito de aplicar los conocimientos adquiridos en la carrera de pre-grado en Gestión Cultural y que los resultados puedan ser aplicados en los próximos festivales a realizar a corto, mediano y largo plazo. aFestivales de teatro 7aTeatro y sociedad2lemb 7aIdentidad culturalzAntioquia (Colombia)2lemb 7aTeatro colombiano2lemb aGestión cultural - Antioquia (Colombia) aSonson (Antioquia) - Cultura10aSantamarÍa Pérez, Josue Gabriel4thseths aTesis (Gestor Cultural) Universidad de Antioquia. Facultad de Artes - Título del grado otorgado